| 000 | 01028nam a22002417a 4500 | ||
|---|---|---|---|
| 999 |
_c64155 _d64155 |
||
| 005 | 20240530110717.0 | ||
| 008 | 180310s2017 ua ad g b 000 0 ara d | ||
| 017 |
_a2017/1556 _bمصر. دار الكتب |
||
| 020 | _a9789778121032 | ||
| 040 |
_aEG-CaGPL _cEG-CaGPL |
||
| 082 | 0 | 4 |
_221 _a327.63062\ _bح إ |
| 100 | 0 | _aحسين موسى | |
| 245 | 1 | 0 |
_aاثيوبيا بين التواجد المصرى والحضور الاسرائيلى فى حوض النيل : _bالرؤى والاشكاليات / _cحسين موسى . |
| 250 | _aط.1 | ||
| 260 |
_aالقاهرة : _bالمكتب العربى للمعارف ، _c2017 . |
||
| 300 |
_a195 ص. ؛ _c24 سم. |
||
| 650 | 0 | 7 |
_2qrmak _aحوض النيل |
| 651 | 0 | 7 |
_2qrmak _aاثيوبيا _xالعلاقات الخارجية |
| 651 | 0 | 7 |
_2qrmak _aاثيوبيا _xالعلاقات الخارجية _zاسرائيل |
| 651 | 0 | 7 |
_2qrmak _aاثيوبيا _xالعلاقات الخارجية _zمصر |
| 942 |
_2ddc _cBK |
||